000 00989nam a2200241 i 4500
001 bg
245 0 0 _aMateriały V ogólnopolskiej konferencji naukowo-technicznej nt. Wpływ technologii na stan warstwy wierzchniej /
_cGorzowski Ośrodek Badań i Ekspertyz Naukowych.
246 _aWpływ technologii na stan warstwy wierzchniej
260 _aGorzów Wlkp. :
_bGorzowski Ośrodek Badań i Ekspertyz Naukowych,
_c1985.
490 1 _aStudia i Materiały / Gorzowski Ośrodek Badań i Ekspertyz Naukowych. Referaty,
_xISSN 0239-8982 ;
_vT. 4 nr 1-2
650 4 _aMetale
_xtechnologia
650 4 _aPowierzchnia
_xbadanie
650 4 _aInżynieria powierzchni
655 4 _aMateriały konferencyjne
830 0 _aStudia i Materiały - Gorzowski Ośrodek Badań i Ekspertyz Naukowych.
_pReferaty ;
_vT. 4, nr 1-2
040 _cBPK
041 _apol
080 _a669.017/.018
080 _a621.791/.795
080 _a(06)
942 _cKS
008 s pl f |000 0 pol
999 _c23489
_d23489
856 _uhttp://koha.tu.koszalin.pl/cgi-bin/koha/opac-detail.pl?biblionumber=23489
_yKatalog online BPK